Normal view
MARC view
- الجيوش الاسلامية- معطلة- جهمية- علم الكلام
Entry Topical Term
001 - CONTROL NUMBER
- control field: 12861
003 - CONTROL NUMBER IDENTIFIER
- control field: JO-AjAnu
005 - DATE AND TIME OF LATEST TRANSACTION
- control field: 20230606072347.0
008 - FIXED-LENGTH DATA ELEMENTS
- fixed length control field: 230606|| aca||aabn | a|a d
040 ## - CATALOGING SOURCE
- Original cataloging agency: JO-AjAnu
- Transcribing agency: JO-AjAnu
150 ## - HEADING--TOPICAL TERM
- Topical term or geographic name entry element: الجيوش الاسلامية- معطلة- جهمية- علم الكلام
670 ## - SOURCE DATA FOUND
- Source citation: Work cat.: (JO-AjAnu)6619: الدمشقي، ابن قيم الجوزية, author 12860, إجتماع الجيوش الإسلامية على غزو المعطلة والجهمية